| 000 | 00621nam a2200193 a 4500 | ||
|---|---|---|---|
| 001 | 000040250 | ||
| 005 | 20201002034018.0 | ||
| 008 | 130820s1970 sp 000 0 spa d | ||
| 040 |
_aDO-SdBNP _bspa _cBNPHU |
||
| 100 | 1 |
_aCalderón, E. Correa _966521 |
|
| 245 | 1 | 0 |
_aBaltasar Gracián : _bsu vida y su obra / _cE. Correa Calderón. |
| 250 | _a2a ed. aum. | ||
| 260 |
_aMadrid : _bGredos, _c1970. |
||
| 300 |
_a424 p. ; _c21 cm. |
||
| 490 | 1 | _aBiblioteca Románica Hispánica | |
| 500 | _aIncluye índice onomástico | ||
| 500 | _aIncluye notas al pie de las páginas | ||
| 830 | 0 |
_aBiblioteca Románica Hispánica _946970 |
|
| 999 |
_c39740 _d39740 |
||